00461nam a2200193Ia 450000500170000000800460001702000180006303700100008104000080009104000080009904000080010704100080011504100080012308400080013110000080013924500510014726000080019885600610020620260123164127.0008 260114s9999 xx 000 0 eng d a9789390544097 aEBOOK aCRL beng cCRL 2eng aeng qCRL aDeb 0aOptimization for engineering design: algor. 2e bPHI uhttps://elibrary.phindia.com/ebooks/reader/9789390544097